| 000 | 00953cam a2200145ua 4500 | ||
|---|---|---|---|
| 041 |
_aeng _h |
||
| 082 |
_a627.8 _bIND/GU |
||
| 110 | 1 |
_aIndian Standard Institution . _bISI _c() |
|
| 245 | _aGuidelines for installation, maintenance and observation of deformation measuring devices in concrete and masonry dam IS: 10434(Part-I)-1982 | ||
| 260 |
_aNew Delhi : _bIndian Standards Institution , _c1983. |
||
| 300 | _a19 ; . | ||
| 504 | _a | ||
| 942 | _cBK | ||
| 999 |
_c7171 _d7171 |
||